Využitie informačných technológií v procese realizácie systému technologických zariadení pre spracovanie biomasy na energetické účely : vedecká monografia /
Uložené v:
| Hlavní autori: | , , |
|---|---|
| Médium: | Kniha |
| Jazyk: | Slovak |
| Vydané: |
Nitra :
Slovenská poľnohospodárska univerzita, Technická fakulta,
2012.
|
| Vydanie: | 1. vyd. |
| Témy: | |
| ISBN: |
9788055208749 (brož.) |
| Fyzický popis: |
178 s., [19] s. tab. príl. : grafy, il., tab. ; 25 cm. |
| Tagy: |
Pridať tag
Žiadne tagy, Buďte prvý kto otaguje tento záznam!
|
Titul je dostupný aj v ... 

MARC
| LEADER | 00000nam a22000005a 4500 | ||
|---|---|---|---|
| 001 | 000418213 | ||
| 005 | 20130910094231.0 | ||
| 008 | 130121s2012 xo adl e 000 0 slo d | ||
| 020 | |a 9788055208749 (brož.) | ||
| 040 | |a SVKKK |b slo |c SVKKK |e AACR2 | ||
| 041 | 0 | |a slo |b slo |b eng | |
| 044 | |a xo |c SK | ||
| 072 | 7 | |a 620.9 |x Energetika |2 konspekt | |
| 072 | 7 | |a 005 |x Manažment. Riadenie |2 konspekt | |
| 072 | 7 | |a 004 |x Počítačová veda. Výpočtová technika. Informačné technológie |2 konspekt | |
| 080 | |a 620.952 |2 2001 | ||
| 080 | |a 004 |2 2001 | ||
| 080 | |a 005 |2 2001 | ||
| 080 | |a (048.8) |2 2001 | ||
| 100 | 1 | |a Barkóczi, Július | |
| 245 | 1 | 0 | |a Využitie informačných technológií v procese realizácie systému technologických zariadení pre spracovanie biomasy na energetické účely : |b vedecká monografia / |c Július Barkóczi, Ladislav Nozdrovický, Miroslav Macák. |
| 250 | |a 1. vyd. | ||
| 260 | |a Nitra : |b Slovenská poľnohospodárska univerzita, Technická fakulta, |c 2012. | ||
| 300 | |a 178 s., [19] s. tab. príl. : |b grafy, il., tab. ; |c 25 cm. | ||
| 504 | |a Skratky: s. [5]; bibliografia: s. 171-178 | ||
| 546 | |a Abstrakt slov., angl. | ||
| 650 | 0 | 7 | |a biomasa |2 SVKKKPH |
| 650 | 0 | 7 | |a spracovanie biomasy |2 SVKKKPH |
| 650 | 0 | 7 | |a projektový manažment |2 SVKKKPH |
| 650 | 0 | 7 | |a informačné technológie |2 SVKKKPH |
| 655 | 7 | |a monografie |2 SVKKKPH | |
| 700 | 1 | |a Nozdrovický, Ladislav, |d 1946- |4 aut | |
| 700 | 1 | |a Macák, Miroslav |4 aut | |
| 910 | |a svkkk | ||
| 919 | |a 978-80-552-0874-9 | ||
| 998 | |a BK | ||
| 090 | |g SCKHL |k Sklad Hlavná 10 prízemie |a IV.217658 |j 1045909 |i 2720294424 |s Absenčne | ||